Riff raff : meglio perderli che trovarli /

Đã lưu trong:
Chi tiết về thư mục
Tác giả chính: Copeland, Stewart (Nhà soạn nhạc)
Tác giả khác: Loach, Ken (Giám đốc), McCourt, Emer (Diễn viên), Carlyle, Robert (Diễn viên), Jesse, Bill (Người viết kịch bản), Coleman, Jimmy (Diễn viên), Tomlinson, Ricky (Diễn viên), Ackroyd, Barry (Nhiếp ảnh gia)
Định dạng: Slide
Ngôn ngữ:Tiếng Italy
Được phát hành: Roma : La Repubblica [distributore], [1997?]
Loạt:I registi grandi firme ; 2
Các nhãn: Thêm thẻ
Không có thẻ, Là người đầu tiên thẻ bản ghi này!

MARC

LEADER 00000ngm a22000007i 4500
001 IT\ICCU\RAV\0287570
003 ItRI
005 20260124182854.0
008 970129s1997 it |||||||||||||||k|||||c
040 |b ita 
041 7 |a ita  |2 ISO-639-2 
082 |a 791.43617  |9 CINEMA. FILM CON SPECIFICHE CARATTERISTICHE. Commedia  |2 20 
130 0 |a Riff-Raff <film ; 1991>  |3 IT\ICCU\MOD\0800622 
245 0 0 |a Riff raff :  |b meglio perderli che trovarli /  |c di Ken Loach ; sceneggiatura Bill Jesse ; fotografia Barry Ackroyd ; musica Stewart Copeland. 
246 1 3 |a Riff Raff <videoregistrazione>  |9 IT\ICCU\MOD\0956896 
260 |a Roma :  |b La Repubblica [distributore],  |c [1997?] 
300 |a 1 videocassetta (VHS) (ca. 105 min.) :  |b color, sonoro  
500 |a Produzione cinematografica: Gran Bretagna, 1991 
500 |a Interpreti: Robert Carlyle, Emer McCourt, Jimmy Coleman, Ricky Tomlinson 
500 |a Supplemento a La Repubblica. 
700 1 |a Loach, Ken  |0 IT\ICCU\BVEV\031285  |4 drt 
700 1 |a Copeland, Stewart  |0 IT\ICCU\RAVV\090336  |4 cmp 
700 1 |a McCourt, Emer  |0 IT\ICCU\RAVV\094544  |4 act 
700 1 |a Carlyle, Robert  |0 IT\ICCU\RAVV\094545  |4 act 
700 1 |a Jesse, Bill  |0 IT\ICCU\RAVV\099120  |4 sce 
700 1 |a Coleman, Jimmy  |0 IT\ICCU\RAVV\283325  |4 act 
700 1 |a Tomlinson, Ricky  |0 IT\ICCU\TSAV\334817  |4 act 
700 1 |a Ackroyd, Barry  |0 IT\ICCU\TSAV\334818  |4 pht 
790 1 |a Loach, Kenneth  |3 IT\ICCU\UBOV\342830  |z Loach, Ken 
830 2 |a I registi grandi firme ;  |v 2  |0 IT\ICCU\RAV\0287569 
942 |2 ddc  |c VM  |n 0 
952 |0 0  |1 0  |4 0  |6 VO_808_000000000000000  |7 0  |9 27341  |a BO  |b BO  |d 2026-01-24  |i 7708  |l 0  |o VO 808  |p BO7708  |r 2026-01-24 18:28:54  |w 2026-01-24  |x [Sebina 5] [1 videocassetta]  |y VM  |z 1 videocassetta 
999 |c 23154  |d 23154